2026/27 Logotipos da Equipe da Primeira Liga Portugal - Statistics

Estatísticas Gerais
  • Esse quiz foi jogado 12 vezes
  • A pontuação média é 12 de 17
Estatísticas das Respostas
Imagem Resposta % Correto
Sporting CP
100%
FC Porto
90%
S.C. Braga
90%
S.L. Benfica
90%
C.F. Estrela da Amadora
80%
Rio Ave F.C.
80%
Vitória S.C.
80%
F.C. Arouca
70%
G.D. Estoril Praia
70%
C.D. Nacional
60%
C.D. Santa Clara
60%
C.S. Marítimo
60%
F.C. Famalicão
60%
Gil Vicente F.C.
60%
Moreirense F.C.
60%
F.C. Alverca
50%
Académico de Viseu F.C.
40%
Nenhum quiz correspondente encontrado
Distribuição das Pontuações
Porcentagem de Pessoas com Cada Pontuação
Percentil de Números Respondidos
Sua Pontuação Histórica
Você não jogou esse quiz